00514nam a2200193 a 4500001001300000003000900013005001700022008004100039020001000080082001400090100001700104245005600121260004300177300000900220500003500229505002100264650001800285700001700303nice12345678IN_TiNIC20260116012814.0050524s1986 dela grp 000 0 eng  ac15000a297bIQB1 aIqbal, Afzal aDimensions of Islamb Essays in Understanding Islam aDelhibIdarah-I Adabiyat-I Dellic1986 a294p aincludes index and biblioraphy2 aIndex of Subject aIslam-Culture1 aIqbal, Afzal